| 000 | 00662nam a2200217Ii 4500 | ||
|---|---|---|---|
| 003 | JO-AjNU | ||
| 008 | 230605s9999||||xx |||||||||||||| ||und|| | ||
| 017 | _a2005/2/375 | ||
| 040 |
_aJO-AjNU _bara _erda _cJO-AjNU |
||
| 041 | _aara | ||
| 050 | 1 | 4 | _aTX353 2005 |
| 100 | 3 |
_aخويله، عماد ابراهيم شحادة , _eauthor _914487 |
|
| 245 | 0 | 0 | _aدليل التغذية الصحية |
| 250 | _aط1 | ||
| 264 | 3 | 1 | _aالرمثا، المؤلف، 2005 |
| 300 | _a105ص | ||
| 336 |
_atext _btxt _2rdacontent |
||
| 337 |
_aunmediated _bn _2rdamedia |
||
| 338 |
_avolume _bnc _2rdacarrier |
||
| 650 | 4 |
_aالتغذية-الرعاية الصحية _914488 |
|
| 999 |
_aA3875 _c7443 _d7443 |
||